MARC

LEADER 00000nam0a2200000 4500
001 276802
005 20231031231229.0
020 |a RU  |b 85-57265 
035 |a (RuTPU)RU\TPU\book\300075 
090 |a 276802 
100 |a 20141126d1984 m y0rusy5003 ca 
101 0 |a rus 
102 |a RU 
105 |a y j 000zy 
200 1 |a Проектирование и строительство горно-технических зданий и сооружений  |e конспект лекций   |f Ю. Н. Куликов, В. Н. Борисов  |g Московский горный институт (МГИ) 
210 |a Москва  |c Изд-во МГИ  |d 1984 
215 |a 71 с. 
606 1 |a Горная промышленность, предприятия  |2 stltpush  |3 (RuTPU)RU\TPU\subj\7514 
610 1 |a проектирование 
610 1 |a постройка 
610 1 |a строительство 
610 1 |a горно-технические сооружения 
610 1 |a учебные пособия 
675 |a 622.014.5(075.8)  |z rus  |v 4 
700 1 |a Куликов  |b Ю. Н.  |g Юрий Николаевич 
701 1 |a Борисов  |b В. Н.  |g Владимир Николаевич 
712 0 2 |a Московский горный институт (МГИ)  |c (1930-1962, 1966-1993)  |2 stltpush  |3 (RuTPU)RU\TPU\col\3944 
801 0 |a RU  |b RuMRKP  |c 19950704  |g psbo 
801 1 |a RU  |b 63413507  |c 20141126 
801 2 |a RU  |b 63413507  |c 20171218  |g RCR 
942 |c BK